000 00580nam a2200229Ia 4500
003 OSt
005 20220924113941.0
006 a|||||r|||| 00| 0
007 ta
008 220923b |||||||| |||| 00| 0 urd d
020 _c1.50
024 _a314332
037 _cTextual
040 _aARTS
_cARTS
_burd
041 _2urd
_aurd
082 _aO168,1N21x, K5
245 0 _aSalam Machhli Shehri
260 _aAligarh
_bAnjuman Taraqqi Urdu India
_c1965
650 _aURDU POETRY
942 _hO168,1N21x, K5
_cTEXL
_2CC
999 _c391084
_d391084